zpět

Detail výsledku týmu

Chicago Bar & Grill ČT, Liberec

Datum a čas kvízu

28.5 Celkem bodů Celkový počet nahraných bodů na tomto kvízu bez doplňovacích otázek.
7. Pořadí na kvízu Konečné umístění týmu na tomto kvízu.

Zaznamenané odpovědi

# Otázka Odpověď Body Výsledky
1. Který obchodní řetězec minulý... Billa 0
2. Minulý týden média informovala... v Chorvatsku 0
3. Amazon minulý týden oznámil, ž... Hvězdná brána 0
4. Automobilka Ford oznámila, že... Focus 1
5. V pátek obletělo sociální sítě... Rytíři Kladno 1
6. Za půl bodu uveďte název ameri... Bratrstvo neohrožených/Band of Brothers; Richard „Dick“ Winters 0.5
7. Seřaďte následující vojenské h... 1C 2A 3B 4D 1
8. Po půl bodu můžete dostat za u... Karel Kryl; Bratříčku, zavírej vrátka 1
9. Jednotka českých a slovenských... o Francii 1
10. Ve kterém satirickém románu vy... Hlava XXII (Catch-22) 1